Estetická lasička /

Hlavní autor: Morgenstern, Christian, 1871-1914
Další autoři: Huptychová, Erika, 1980-, Hiršal, Josef, 1920-2003
Jazyk: Čeština
Vydáno: Praha : Dokořán, 2008
Vydání: Vyd. v Dokořán 1.
Edice: Mocca
Témata:
Fyzický popis: 76 s. : il. ; 15 cm
Knihy
Uloženo v:
LEADER 01420nam a2200421 a 4500
001 nkc20081803203
003 CZ PrNK
005 20080721105033.0
007 ta
008 080519s2008 xr a g 000 p cze
015 |a cnb001803203 
020 |a 978-80-7363-130-7  |q (váz.) :  |c Kč 125,00 
035 |a (OCoLC)237075843 
040 |a ABA001  |b cze 
041 1 |a cze  |h ger 
072 7 |a 821.112.2-1  |x Německá poezie, německy psaná  |2 Konspekt  |9 25 
080 |a 821.112.2-1  |2 MRF 
080 |a (0:82-1)  |2 MRF 
080 |a (082.21)  |2 MRF 
100 1 |a Morgenstern, Christian,  |d 1871-1914  |7 jn19990005833  |4 aut 
245 1 0 |a Estetická lasička /  |c Christian Morgenstern ; [ilustrace Erika Huptychová ; překlad Josef Hiršal] 
250 |a Vyd. v Dokořán 1. 
260 |a Praha :  |b Dokořán,  |c 2008 
300 |a 76 s. :  |b il. ;  |c 15 cm 
490 1 |a Mocca ;  |v sv. 25 
500 |a Přeloženo z němčiny? 
655 7 |a německá poezie  |7 fd132939  |2 czenas 
655 7 |a výbory  |7 fd133853  |2 czenas 
655 9 |a German poetry  |2 eczenas 
655 9 |a selected works  |2 eczenas 
700 1 |a Huptychová, Erika,  |d 1980-  |7 mzk2008448727  |4 ill 
700 1 |a Hiršal, Josef,  |d 1920-2003  |7 jk01041094  |4 trl 
830 0 |a Mocca  |0 s 
910 2 |a BOA001  |b 1-1203.889 
990 |a BK 
995 |a 01 
991 |b 200805 
996 6 |b 2610342576  |c 1-1203.889  |l MZK  |r Sklad / do 1 hodiny  |n 1  |p p.v.  |w 000896068  |u 000010  |a 1  |e BOA001  |j MZK50  |s P